<?xml version="1.0" encoding="UTF-8"?>
<record
    xmlns:xsi="http://www.w3.org/2001/XMLSchema-instance"
    xsi:schemaLocation="http://www.loc.gov/MARC21/slim http://www.loc.gov/standards/marcxml/schema/MARC21slim.xsd"
    xmlns="http://www.loc.gov/MARC21/slim">

  <leader>00390nam a2200145   4500</leader>
  <controlfield tag="003">SEACOMEC</controlfield>
  <controlfield tag="005">20250207123110.0</controlfield>
  <controlfield tag="008">250207b        |||||||| |||| 00| 0 eng d</controlfield>
  <datafield tag="040" ind1=" " ind2=" ">
    <subfield code="a">SEACOMEC</subfield>
  </datafield>
  <datafield tag="082" ind1=" " ind2=" ">
    <subfield code="a">004.16</subfield>
    <subfield code="b">G883</subfield>
  </datafield>
  <datafield tag="100" ind1=" " ind2=" ">
    <subfield code="a"> Grover, Naresh</subfield>
  </datafield>
  <datafield tag="245" ind1=" " ind2=" ">
    <subfield code="a">Microprocessors Comprehensive Studies: / </subfield>
    <subfield code="c">Naresh Grover</subfield>
  </datafield>
  <datafield tag="260" ind1=" " ind2=" ">
    <subfield code="a"> Delhi : </subfield>
    <subfield code="b">Dhanpat Rai &amp; Sons ,</subfield>
    <subfield code="c">2007</subfield>
  </datafield>
  <datafield tag="942" ind1=" " ind2=" ">
    <subfield code="c">BOOK</subfield>
  </datafield>
  <datafield tag="952" ind1=" " ind2=" ">
    <subfield code="0">0</subfield>
    <subfield code="1">0</subfield>
    <subfield code="2">ddc</subfield>
    <subfield code="4">0</subfield>
    <subfield code="7">0</subfield>
    <subfield code="a">SEACOMEC</subfield>
    <subfield code="b">SEACOMEC</subfield>
    <subfield code="d">2008-08-13</subfield>
    <subfield code="l">0</subfield>
    <subfield code="o">004.16 G883</subfield>
    <subfield code="p">12814</subfield>
    <subfield code="r">2025-02-07 12:31:27</subfield>
    <subfield code="w">2025-02-07</subfield>
    <subfield code="y">BOOK</subfield>
  </datafield>
  <datafield tag="952" ind1=" " ind2=" ">
    <subfield code="0">0</subfield>
    <subfield code="1">0</subfield>
    <subfield code="2">ddc</subfield>
    <subfield code="4">0</subfield>
    <subfield code="7">0</subfield>
    <subfield code="a">SEACOMEC</subfield>
    <subfield code="b">SEACOMEC</subfield>
    <subfield code="d">2008-08-13</subfield>
    <subfield code="l">0</subfield>
    <subfield code="o">004.16 G883</subfield>
    <subfield code="p">12815</subfield>
    <subfield code="r">2025-02-07 12:31:27</subfield>
    <subfield code="t">1</subfield>
    <subfield code="w">2025-02-07</subfield>
    <subfield code="y">BOOK</subfield>
  </datafield>
  <datafield tag="952" ind1=" " ind2=" ">
    <subfield code="0">0</subfield>
    <subfield code="1">0</subfield>
    <subfield code="2">ddc</subfield>
    <subfield code="4">0</subfield>
    <subfield code="7">0</subfield>
    <subfield code="a">SEACOMEC</subfield>
    <subfield code="b">SEACOMEC</subfield>
    <subfield code="d">2008-08-13</subfield>
    <subfield code="l">0</subfield>
    <subfield code="o">004.16 G883</subfield>
    <subfield code="p">12816</subfield>
    <subfield code="r">2025-02-07 12:31:27</subfield>
    <subfield code="t">2</subfield>
    <subfield code="w">2025-02-07</subfield>
    <subfield code="y">BOOK</subfield>
  </datafield>
  <datafield tag="952" ind1=" " ind2=" ">
    <subfield code="0">0</subfield>
    <subfield code="1">0</subfield>
    <subfield code="2">ddc</subfield>
    <subfield code="4">0</subfield>
    <subfield code="7">0</subfield>
    <subfield code="a">SEACOMEC</subfield>
    <subfield code="b">SEACOMEC</subfield>
    <subfield code="d">2008-08-13</subfield>
    <subfield code="l">0</subfield>
    <subfield code="o">004.16 G883</subfield>
    <subfield code="p">12817</subfield>
    <subfield code="r">2025-02-07 12:31:27</subfield>
    <subfield code="t">3</subfield>
    <subfield code="w">2025-02-07</subfield>
    <subfield code="y">BOOK</subfield>
  </datafield>
  <datafield tag="952" ind1=" " ind2=" ">
    <subfield code="0">0</subfield>
    <subfield code="1">0</subfield>
    <subfield code="2">ddc</subfield>
    <subfield code="4">0</subfield>
    <subfield code="7">0</subfield>
    <subfield code="a">SEACOMEC</subfield>
    <subfield code="b">SEACOMEC</subfield>
    <subfield code="d">2008-08-13</subfield>
    <subfield code="l">0</subfield>
    <subfield code="o">004.16 G883</subfield>
    <subfield code="p">12818</subfield>
    <subfield code="r">2025-02-07 12:31:27</subfield>
    <subfield code="t">4</subfield>
    <subfield code="w">2025-02-07</subfield>
    <subfield code="y">BOOK</subfield>
  </datafield>
  <datafield tag="952" ind1=" " ind2=" ">
    <subfield code="0">0</subfield>
    <subfield code="1">0</subfield>
    <subfield code="2">ddc</subfield>
    <subfield code="4">0</subfield>
    <subfield code="7">0</subfield>
    <subfield code="a">SEACOMEC</subfield>
    <subfield code="b">SEACOMEC</subfield>
    <subfield code="d">2008-08-13</subfield>
    <subfield code="l">0</subfield>
    <subfield code="o">004.16 G883</subfield>
    <subfield code="p">12819</subfield>
    <subfield code="r">2025-02-07 12:31:27</subfield>
    <subfield code="t">5</subfield>
    <subfield code="w">2025-02-07</subfield>
    <subfield code="y">BOOK</subfield>
  </datafield>
  <datafield tag="952" ind1=" " ind2=" ">
    <subfield code="0">0</subfield>
    <subfield code="1">0</subfield>
    <subfield code="2">ddc</subfield>
    <subfield code="4">0</subfield>
    <subfield code="7">0</subfield>
    <subfield code="a">SEACOMEC</subfield>
    <subfield code="b">SEACOMEC</subfield>
    <subfield code="d">2008-08-13</subfield>
    <subfield code="l">0</subfield>
    <subfield code="o">004.16 G883</subfield>
    <subfield code="p">12820</subfield>
    <subfield code="r">2025-02-07 12:31:27</subfield>
    <subfield code="t">6</subfield>
    <subfield code="w">2025-02-07</subfield>
    <subfield code="y">BOOK</subfield>
  </datafield>
  <datafield tag="952" ind1=" " ind2=" ">
    <subfield code="0">0</subfield>
    <subfield code="1">0</subfield>
    <subfield code="2">ddc</subfield>
    <subfield code="4">0</subfield>
    <subfield code="7">0</subfield>
    <subfield code="a">SEACOMEC</subfield>
    <subfield code="b">SEACOMEC</subfield>
    <subfield code="d">2008-08-13</subfield>
    <subfield code="l">0</subfield>
    <subfield code="o">004.16 G883</subfield>
    <subfield code="p">12821</subfield>
    <subfield code="r">2025-02-07 12:31:27</subfield>
    <subfield code="t">7</subfield>
    <subfield code="w">2025-02-07</subfield>
    <subfield code="y">BOOK</subfield>
  </datafield>
  <datafield tag="952" ind1=" " ind2=" ">
    <subfield code="0">0</subfield>
    <subfield code="1">0</subfield>
    <subfield code="2">ddc</subfield>
    <subfield code="4">0</subfield>
    <subfield code="7">0</subfield>
    <subfield code="a">SEACOMEC</subfield>
    <subfield code="b">SEACOMEC</subfield>
    <subfield code="d">2008-08-13</subfield>
    <subfield code="l">0</subfield>
    <subfield code="o">004.16 G883</subfield>
    <subfield code="p">12822</subfield>
    <subfield code="r">2025-02-07 12:31:27</subfield>
    <subfield code="t">8</subfield>
    <subfield code="w">2025-02-07</subfield>
    <subfield code="y">BOOK</subfield>
  </datafield>
  <datafield tag="952" ind1=" " ind2=" ">
    <subfield code="0">0</subfield>
    <subfield code="1">0</subfield>
    <subfield code="2">ddc</subfield>
    <subfield code="4">0</subfield>
    <subfield code="7">0</subfield>
    <subfield code="a">SEACOMEC</subfield>
    <subfield code="b">SEACOMEC</subfield>
    <subfield code="d">2008-08-13</subfield>
    <subfield code="l">0</subfield>
    <subfield code="o">004.16 G883</subfield>
    <subfield code="p">12823</subfield>
    <subfield code="r">2025-02-07 12:31:27</subfield>
    <subfield code="t">9</subfield>
    <subfield code="w">2025-02-07</subfield>
    <subfield code="y">BOOK</subfield>
  </datafield>
  <datafield tag="952" ind1=" " ind2=" ">
    <subfield code="0">0</subfield>
    <subfield code="1">0</subfield>
    <subfield code="2">ddc</subfield>
    <subfield code="4">0</subfield>
    <subfield code="7">0</subfield>
    <subfield code="a">SEACOMEC</subfield>
    <subfield code="b">SEACOMEC</subfield>
    <subfield code="d">2010-11-02</subfield>
    <subfield code="l">0</subfield>
    <subfield code="o">004.16 G883</subfield>
    <subfield code="p">17445</subfield>
    <subfield code="r">2025-02-07 12:33:08</subfield>
    <subfield code="t">10</subfield>
    <subfield code="w">2025-02-07</subfield>
    <subfield code="y">BOOK</subfield>
  </datafield>
  <datafield tag="952" ind1=" " ind2=" ">
    <subfield code="0">0</subfield>
    <subfield code="1">0</subfield>
    <subfield code="2">ddc</subfield>
    <subfield code="4">0</subfield>
    <subfield code="7">0</subfield>
    <subfield code="a">SEACOMEC</subfield>
    <subfield code="b">SEACOMEC</subfield>
    <subfield code="d">2010-11-02</subfield>
    <subfield code="l">0</subfield>
    <subfield code="o">004.16 G883</subfield>
    <subfield code="p">17446</subfield>
    <subfield code="r">2025-02-07 12:33:08</subfield>
    <subfield code="t">11</subfield>
    <subfield code="w">2025-02-07</subfield>
    <subfield code="y">BOOK</subfield>
  </datafield>
  <datafield tag="952" ind1=" " ind2=" ">
    <subfield code="0">0</subfield>
    <subfield code="1">0</subfield>
    <subfield code="2">ddc</subfield>
    <subfield code="4">0</subfield>
    <subfield code="7">0</subfield>
    <subfield code="a">SEACOMEC</subfield>
    <subfield code="b">SEACOMEC</subfield>
    <subfield code="d">2010-11-02</subfield>
    <subfield code="l">0</subfield>
    <subfield code="o">004.16 G883</subfield>
    <subfield code="p">17447</subfield>
    <subfield code="r">2025-02-07 12:33:08</subfield>
    <subfield code="t">12</subfield>
    <subfield code="w">2025-02-07</subfield>
    <subfield code="y">BOOK</subfield>
  </datafield>
  <datafield tag="952" ind1=" " ind2=" ">
    <subfield code="0">0</subfield>
    <subfield code="1">0</subfield>
    <subfield code="2">ddc</subfield>
    <subfield code="4">0</subfield>
    <subfield code="7">0</subfield>
    <subfield code="a">SEACOMEC</subfield>
    <subfield code="b">SEACOMEC</subfield>
    <subfield code="d">2010-11-02</subfield>
    <subfield code="l">0</subfield>
    <subfield code="o">004.16 G883</subfield>
    <subfield code="p">17448</subfield>
    <subfield code="r">2025-02-07 12:33:08</subfield>
    <subfield code="t">13</subfield>
    <subfield code="w">2025-02-07</subfield>
    <subfield code="y">BOOK</subfield>
  </datafield>
  <datafield tag="999" ind1=" " ind2=" ">
    <subfield code="c">1995</subfield>
    <subfield code="d">1995</subfield>
  </datafield>
</record>
